Some African Countries - Statistics

General Stats
  • This quiz has been taken 181 times
  • The average score is 10 of 15
Answer Stats
Hint Answer % Correct
Contains 'Africa' South Africa
92%
Abbreviation Is C.A.R. Central African Republic
90%
Governs Somaliland Somalia
89%
Newest African Country South Sudan
86%
Contains The Largest Metropolitan Area In Africa (As Well As The City Egypt
80%
Has A 'Z' And A 'Q' In It's Name Mozambique
80%
Between Benin And Ghana Togo
78%
Has The Most Populated African Country's Name Without The -ia Niger
73%
Has Mt.Kilimanjaro In It Tanzania
70%
Has Tombouctou (Timbuktu) In It Mali
64%
American Name With Welsh Origins Chad
49%
World's Longest Country Name (May Use The Abbreviation) Democratic Republic Of The Congo
48%
Governs Cabinda Angola
39%
Takes The Setting In A Modern Children's Movie Series Madagascar
39%
Poorest Country In Africa Sierra Leone
31%
No matching quizzes found
Score Distribution
Percent of People with Each Score
Percentile by Number Answered
Your Score History
You have not taken this quiz